000 00474nam a22001697a 4500
005 20240514123600.0
010 _aENG-140222
020 _c775.00
_a9789386482754
035 _aEN-123754
037 _bDBAD
082 _a336.271
245 _aGST Tariff/
260 _aNew Delhi
_bTaxmann Publications (P.) Ltd.
_c2017
270 _a59/32, New Rohtak Road, New Delhi
_bDelhi
_e110005
300 _a684p.
_c24cm(pb)
942 _2ddc
_cEN
_mGST
_h336.271
999 _c202296
_d202296